000 00612nam a2200205 a 4500
005 20230318063605.0
008 991125s1981 mx 000 0 spa u
020 _a9684322496
035 _aUPN01000029178
049 _aCG
050 4 _aPA4030 E8
_bS4.3 1981
100 1 _aReyes, Alfonso,
_d1889-1959
245 1 3 _aLa ilíada /
_cHomero ; tr. directa y literal del griego Luis Segala y Estalella ; pról. Alfonso Reyes
260 _aMéxico :
_bPorrúa,
_c1981
300 _a267 p.
440 0 _aColección sepan cuantos;
_v2
600 0 4 _aHomero.
_tIlíada
_920902
904 _aAC
_b029179
905 _aLibro
999 _c29178
_d29178